Poésies choisies II (1560-1585)

Guardado en:
Bibliografiske detaljer
Hovedforfatter: Ronsard
Format: Bog
Sprog:Undetermined
Udgivet: París, Francia Larousse 1933
Fag:
Tags: Tilføj Tag
Ingen Tags, Vær først til at tagge denne postø!

MARC

LEADER 00000nam a2200000Ia 4500
008 170316s9999 xx 000 0 und d
040 |a cru BVZT 
090 |a 840 R-9p v.2 
100 |a Ronsard 
245 |a Poésies choisies II (1560-1585) 
260 |a París, Francia 
260 |b Larousse 
260 |c 1933 
300 |a 89 páginas 
650 |a LITERATURA FRANCESA 
999 |c 7943  |d 7943 
942 |c 15 D  |h 840 R-9p v.2  |2 z